000
00309nam a2200109Ia 4500
008
171211s9999 xx 000 0 und d
245
_a
Responsive Webdesign Mit Css3 Und Less
245
_c
Frank L. Schad
260
_c
2015
650
_x
Web Development
856
_u
http://down.ebook777.com/011/B00WIICWNK.pdf
999
_c
350087
_d
350087